| 000 | 00437nam a22001697a 4500 | ||
|---|---|---|---|
| 005 | 20160520135703.0 | ||
| 008 | 160520b xxu||||| |||| 00| 0 eng d | ||
| 020 | _a978-81-7708-85-8 | ||
| 041 | _aeng | ||
| 082 | _b3563 | ||
| 100 |
_aAhluwalia, V Choudhury S & Vaijayanthi B _9882 |
||
| 245 | _aBasic Chemistry for Class 11 | ||
| 260 |
_bBharti Bhawan Pub. _c2008 |
||
| 300 | _a536 | ||
| 650 |
_aDIPLOMA ENGINEERING _9817 |
||
| 942 | _cBK | ||
| 999 |
_c1209 _d1209 |
||